Media audience research: (Record no. 100125)

MARC details
000 -LEADER
fixed length control field 01295nam a22003017a 4500
005 - DATE AND TIME OF LATEST TRANSACTION
control field 20230719114806.0
010 ## - LCCN (DPL NO)
LC control number 1617EN ENG-115226 ENG-137459
020 ## - INTERNATIONAL STANDARD BOOK NUMBER
International Standard Book Number 9789351506430
Terms of availability 650.00
035 ## - SYSTEM CONTROL NUMBER
System control number B-654225-229
035 ## - SYSTEM CONTROL NUMBER
System control number B-667881
035 ## - SYSTEM CONTROL NUMBER
System control number EN-98758 EN-120991
037 ## - SOURCE OF ACQUISITION
Source of stock number/acquisition Techniz
037 ## - SOURCE OF ACQUISITION
Source of stock number/acquisition DBAD/PUB
082 00 - DEWEY DECIMAL CLASSIFICATION NUMBER
Classification number 302.2072
100 ## - MAIN ENTRY--PERSONAL NAME
Personal name Mytton, Graham
245 10 - TITLE STATEMENT
Title Media audience research:
Statement of responsibility, etc by Graham Mytton, Peter Diem [and] Piet Hein van Dam
Remainder of title a guide for professionals /
250 ## - EDITION STATEMENT
Edition statement 3rd ed
260 ## - PUBLICATION, DISTRIBUTION, ETC. (IMPRINT)
Place of publication, distribution, etc New Delhi
Name of publisher, distributor, etc SAGE Publications
Date of publication, distribution, etc 2016
270 ## - ADDRESS
Address B1/I-1 Mohan Cooperative Industrial Area, Mathura Road
City New Delhi
Postal code 110044
300 ## - PHYSICAL DESCRIPTION
Extent xvi,281p.
Dimensions 24cm(pbk)
500 ## - GENERAL NOTE
General note Includes bibliographical references and index
650 ## - SUBJECT ADDED ENTRY--TOPICAL TERM
Topical term or geographic name as entry element Mass media
General subdivision Research
-- Methodology.
700 ## - ADDED ENTRY--PERSONAL NAME
Personal name Diem, Peter
700 ## - ADDED ENTRY--PERSONAL NAME
Personal name Dam, Peet Hein van
942 ## - ADDED ENTRY ELEMENTS (KOHA)
Source of classification or shelving scheme Dewey Decimal Classification
Item type English Books
Classification part 302.2072
Call number suffix MYT
Holdings
Withdrawn status Lost status Not for loan Collection code Home library Current library Date acquired Source of acquisition Cost, normal purchase price Full call number Barcode Copy number Cost, replacement price Koha item type
      Non-fiction Ashok Vihar Ashok Vihar 07/07/2017 BPPD/EN/2016-17/AV/16-17/472/15.02.2017/TZ17430/24.02.2017/18.03.2017 650.00 302.2072 MYT B-667881 1 650.00 English Books
      Non-fiction Central Library Central Library 21/02/2017 BPPD/EN/2016-17/306/24.11.2016/TZ16932/5.12.2016/4.1.2017 650.00 302.2072 MYT B-654225 1 650.00 English Books
      Non-fiction Karol Bagh Karol Bagh 21/02/2017 BPPD/EN/2016-17/306/24.11.2016/TZ16932/5.12.2016/4.1.2017 650.00 302.2072 MYT B-654228 1 650.00 English Books
      Non-fiction Narela Narela 30/05/2016 DBAD/PUB. 650.00 302.2072 MYT EN-120991 1 650.00 English Books
      Non-fiction Patel Nagar Patel Nagar 21/02/2017 BPPD/EN/2016-17/306/24.11.2016/TZ16932/5.12.2016/4.1.2017 650.00 302.2072 MYT B-654226 1 650.00 English Books
      Non-fiction Sarojini Nagar Sarojini Nagar 21/02/2017 BPPD/EN/2016-17/306/24.11.2016/TZ16932/5.12.2016/4.1.2017 650.00 302.2072 MYT B-654227 1 650.00 English Books
      Non-fiction Shahdara Branch Shahdara Branch 21/02/2017 BPPD/EN/2016-17/306/24.11.2016/TZ16932/5.12.2016/4.1.2017 650.00 302.2072 MYT B-654229 1 650.00 English Books

© Delhi Public Library
Hit Counter
free hit counter